[Event "Deltalift Open 2014"]
[Site "Tylosand"]
[Date "2014.05.29"]
[Round "1.1"]
[White "Persson, Tiger Hillarp"]
[Black "Pantzar, Milton"]
[Result "1-0"]
[WhiteElo "2627"]
[BlackElo "2000"]

1.d4 Nf6 2.c4 c5 3.d5 b5 4.Nf3 g6 5.Nfd2 bxc4 6.e4 d6 7.Nc3 Bg7 8.Nxc4 
Nbd7 9.Be2 O-O 10.O-O a5 11.a4 Nb6 12.Na3 Ne8 13.Bg5 Nc7 14.Qd2 Ba6 15.
Rae1 Bxe2 16.Rxe2 Qd7 17.b3 e6 18.Nc4 Nxc4 19.bxc4 Bd4 20.Bh6 Rfb8 21.dxe6
Qxe6 22.Nb5 Nxb5 23.cxb5 Qc4 24.Qd1 Re8 25.Rfe1 Re6 26.Bd2 Qd3 27.g3 c4 
28.Kg2 c3 29.Bc1 Qxd1 30.Rxd1 Bg7 31.Rd5 Rc8 32.b6 Rb8 33.Be3 Rxe4 34.Rxa5
Rb4 35.Ra7 Rb2 36.Kf3 Be5 37.a5 Rxe2 38.Kxe2 d5 39.Kd3 Kf8 40.Bc5+ Kg7 41.
Rd7 Bf6 42.Rxd5 Ra8 43.b7 1-0

[Event "Deltalift Open 2014"]
[Site "Tylosand"]
[Date "2014.05.29"]
[Round "1.2"]
[White "Svedberg, Hans"]
[Black "Hector, Jonny"]
[Result "0-1"]
[WhiteElo "1224"]
[BlackElo "2574"]

1.e4 e5 2.Nf3 Nc6 3.Bb5 Nd4 4.Nxd4 exd4 5.O-O Bc5 6.d3 c6 7.Ba4 Ne7 8.c3 
O-O 9.cxd4 Bxd4 10.Nc3 d5 11.Bb3 Be6 12.Bg5 f6 13.Bh4 Bf7 14.Qc2 Qd7 15.
Ne2 Bb6 16.Rad1 Rae8 17.h3 g5 18.Bg3 f5 19.Be5 Bh5 20.exd5 cxd5 21.d4 Nc6 
22.Nc3 Bf7 23.Qd2 f4 24.Ba4 a6 25.Rfe1 Ba7 26.Bxc6 Qxc6 27.g3 Qh6 28.Kg2 
f3+ 29.Kh2 Be6 30.h4 Rf5 31.Rh1 Qg6 32.Kg1 gxh4 33.Rxh4 Rxe5 0-1

[Event "Deltalift Open 2014"]
[Site "Tylosand"]
[Date "2014.05.29"]
[Round "1.3"]
[White "Berg, Emanuel"]
[Black "Jogstad, Martin"]
[Result "1-0"]
[WhiteElo "2573"]
[BlackElo "1997"]

1.e4 e6 2.d4 d5 3.Nc3 Nf6 4.Bg5 Bb4 5.e5 h6 6.Be3 Ne4 7.Qg4 Kf8 8.a3 Bxc3+
9.bxc3 c5 10.Bd3 Qa5 11.Ne2 cxd4 12.Bxd4 Nc5 13.O-O Nc6 14.Nf4 Nxd3 15.
cxd3 Ne7 16.Nh5 Nf5 17.Qf4 Qd8 18.g4 Qg5 19.Qf3 b6 20.Be3 Nxe3 21.fxe3 Qe7
22.Nf4 Ke8 23.c4 Bb7 24.cxd5 exd5 25.Nxd5 Bxd5 26.Qxd5 Rd8 27.Qc6+ Qd7 28.
Qf3 Rf8 29.d4 Qd5 30.Qf5 g6 31.Qf4 Qe6 32.Rac1 Ke7 33.Qe4 f5 34.exf6+ Rxf6
35.Rc7+ Rd7 36.Qxe6+ Rxe6 37.Rxd7+ Kxd7 38.Rf7+ Re7 39.Rxe7+ Kxe7 40.Kf2 
Kf6 41.h4 b5 42.Ke2 g5 43.h5 Ke6 44.e4 Kd6 45.Kd3 a5 46.Kc3 Kc6 47.e5 Kd5 
48.Kd3 Ke6 49.Ke4 b4 50.d5+ Kd7 51.axb4 1-0

[Event "Deltalift Open 2014"]
[Site "Tylosand"]
[Date "2014.05.29"]
[Round "1.4"]
[White "Berglind, Axel"]
[Black "Brynell, Stellan"]
[Result "0-1"]
[WhiteElo "1992"]
[BlackElo "2528"]

1.c4 e5 2.Nc3 Nf6 3.g3 Bb4 4.Nd5 Nxd5 5.cxd5 O-O 6.Bg2 c6 7.a3 Bc5 8.b4 
Bb6 9.e3 cxd5 10.Bxd5 Nc6 11.d3 d6 12.Ne2 Bh3 13.Nc3 Qd7 14.Bd2 Kh8 15.Ne4
Ne7 16.Qb3 h6 17.Nc3 Rad8 18.Bf3 d5 19.Na4 Bc7 20.Nc5 Qf5 21.Be2 b6 22.Na6
Bd6 23.b5 Rc8 24.Bb4 Rfd8 25.Bxd6 Rxd6 26.Qb2 Rf6 27.f4 Ng6 28.Rg1 h5 29.
Rc1 Rd8 30.Qd2 Re6 31.Rc6 Bg4 32.Rxe6 Qxe6 33.Bxg4 hxg4 34.Rf1 Qd7 35.Qb2 
exf4 36.gxf4 Re8 37.Kd2 Nh4 38.Qb4 Nf3+ 39.Ke2 Qe6 40.Rxf3 gxf3+ 41.Kxf3 
Qxe3+ 42.Kg2 Qe2+ 43.Kg1 Qg4+ 44.Kf1 Re2 0-1

[Event "Deltalift Open 2014"]
[Site "Tylosand"]
[Date "2014.05.29"]
[Round "1.5"]
[White "Cramling, Pia"]
[Black "Lonn, Joakim"]
[Result "1-0"]
[WhiteElo "2523"]
[BlackElo "1974"]

1.d4 Nf6 2.Nf3 e6 3.c4 b6 4.g3 d5 5.Bg2 Nbd7 6.cxd5 exd5 7.O-O Be7 8.Qa4 
O-O 9.Nc3 Bb7 10.Ne5 Nxe5 11.dxe5 Nd7 12.Nxd5 Nc5 13.Qd1 a5 14.Be3 c6 15.
Nxe7+ Qxe7 16.Qd6 Rae8 17.Qxe7 Rxe7 18.f4 Nd7 19.Rac1 f6 20.Bxc6 Bxc6 21.
Rxc6 fxe5 22.f5 Ref7 23.g4 g6 24.Bh6 Rf6 25.Rc7 R8f7 26.Rd1 gxf5 27.g5 Nf8
28.Rxf7 Rxf7 29.Rd8 e4 30.Kf2 f4 31.a4 Rf5 32.h4 Rf7 33.h5 Rf5 34.g6 hxg6 
35.hxg6 Rf6 36.g7 1-0

[Event "Deltalift Open 2014"]
[Site "Tylosand"]
[Date "2014.05.29"]
[Round "1.6"]
[White "Eisele, Per"]
[Black "Sjodahl, Pontus"]
[Result "0-1"]
[WhiteElo "1969"]
[BlackElo "2503"]

1.d4 Nf6 2.Nc3 d5 3.Bg5 Nbd7 4.f3 h6 5.Bh4 c6 6.e4 dxe4 7.fxe4 e5 8.dxe5 
Nxe5 9.Qxd8+ Kxd8 10.Nf3 Ng6 11.Bg3 Bb4 12.O-O-O+ Ke8 13.Bc4 Nh5 14.Bc7 
Bg4 15.Rhf1 Rf8 16.a3 Rc8 17.Bd6 Bxd6 18.Rxd6 Ke7 19.Rfd1 Rc7 20.h3 Bxf3 
21.gxf3 Ne5 22.Be2 Nf4 23.R6d2 Nxh3 24.Rh1 Nf4 25.Rg1 g6 26.Bd1 Rd7 27.Rh2
h5 28.Rh4 Ne6 29.f4 Rxd1+ 30.Rxd1 Ng4 31.f5 Nf4 32.fxg6 fxg6 33.e5 g5 34.
Rxg4 hxg4 35.Rg1 Rf5 36.Rxg4 Rxe5 37.Kd2 Kf6 38.Nd1 Re2+ 39.Kc3 Kf5 40.Rg3
Re7 41.Ne3+ Kg6 42.Kd2 Rd7+ 43.Ke1 Rh7 44.Ng4 Kf5 45.Ne3+ Ke4 46.Ng2 Rh1+ 
47.Kd2 Rh2 48.Rxg5 Rxg2+ 0-1

[Event "Deltalift Open 2014"]
[Site "Tylosand"]
[Date "2014.05.29"]
[Round "1.7"]
[White "Bellon, Juan"]
[Black "Moerling, Joakim"]
[Result "1-0"]
[WhiteElo "2462"]
[BlackElo "1969"]

1.d4 d5 2.Nf3 e6 3.e3 Nf6 4.Bd3 Be7 5.O-O b6 6.b3 Nbd7 7.c4 Bb7 8.Bb2 O-O 
9.Qe2 Re8 10.Rd1 c5 11.Ne5 Nf8 12.f4 N6d7 13.Nd2 f6 14.Nxd7 Qxd7 15.Nf3 
Bd6 16.Rac1 Qf7 17.Qf2 Rac8 18.Ba3 Red8 19.dxc5 bxc5 20.cxd5 exd5 21.Bf5 
Rc7 22.Rd2 d4 23.Rcd1 Qh5 24.Bd3 dxe3 25.Qxe3 Re8 26.Bc4+ Kh8 27.Qf2 Bxf4 
28.Re2 Bxf3 29.gxf3 Be3 30.Rxe3 Qg5+ 31.Kf1 Rxe3 32.Rd8 g6 33.Bc1 Rxf3 34.
Rxf8+ Kg7 35.Rg8+ 1-0

[Event "Deltalift Open 2014"]
[Site "Tylosand"]
[Date "2014.05.29"]
[Round "1.8"]
[White "Lindstrom, Reine"]
[Black "Kantans, Toms"]
[Result "0-1"]
[WhiteElo "1963"]
[BlackElo "2440"]

1.e4 c5 2.Nc3 Nc6 3.g3 Rb8 4.Bg2 b5 5.d3 b4 6.Nd5 e6 7.Ne3 g6 8.f4 Bg7 9.
Nf3 Nge7 10.O-O d6 11.Qd2 O-O 12.c3 bxc3 13.bxc3 Qa5 14.Nc4 Qxc3 15.Ba3 
Qxd2 16.Nfxd2 Bxa1 17.Rxa1 Rd8 18.Nb3 Nb4 19.Bxb4 Rxb4 20.Ne3 Ba6 21.Rd1 
Nc6 22.Rd2 Nd4 23.e5 Nxb3 24.axb3 Rxb3 25.Nc4 dxe5 26.Nxe5 c4 27.Ra2 cxd3 
28.Rd2 Bb5 29.Nc6 Bxc6 30.Bxc6 a5 31.Kf2 Rd6 32.Ba4 Ra3 33.Bd1 Ra1 34.Ke3 
a4 35.h3 a3 36.Bb3 Rb1 37.g4 Rxb3 0-1

[Event "Deltalift Open 2014"]
[Site "Tylosand"]
[Date "2014.05.29"]
[Round "1.9"]
[White "Johansson, Linus"]
[Black "Liedbeck, Patrik"]
[Result "1/2-1/2"]
[WhiteElo "2423"]
[BlackElo "1962"]

1.Nf3 Nf6 2.c4 g6 3.g3 Bg7 4.Bg2 O-O 5.O-O c6 6.d4 d5 7.cxd5 cxd5 8.Nc3 
Nc6 9.Ne5 e6 10.f4 Qb6 11.e3 Nd7 12.Nd3 Nb4 13.Nxb4 Qxb4 14.Qd2 b6 15.Nxd5
Qd6 16.Nc3 Rb8 17.b3 Ba6 18.Rd1 Rfc8 19.Bb2 Nf6 20.e4 Qd7 21.e5 Nd5 22.
Nxd5 exd5 23.Ba3 Bf8 24.Bxf8 Kxf8 25.Qb4+ Kg7 26.Rac1 Rxc1 27.Rxc1 Rc8 28.
Qa3 Bb7 29.Qb2 a5 30.Bf1 h5 31.Rc3 h4 32.Qc1 hxg3 33.hxg3 a4 34.Rxc8 Bxc8 
35.bxa4 Bb7 36.Qc2 Qg4 37.Kf2 g5 38.Qe2 Qf5 39.Qd3 Qg4 40.Qf3 Qd7 41.Bb5 
Qe7 42.f5 Qb4 43.f6+ Kg8 44.Qe3 Qb2+ 45.Be2 Kf8 46.a3 Ba6 47.Kf1 Qa1+ 48.
Kf2 Qb2 49.Kf1 Qa1+ 50.Kg2 Qb2 51.Kf3 g4+ 52.Kf2 Bxe2 53.Qxe2 Qxd4+ 54.Kg2
Qxa4 55.Qb2 Qe4+ 56.Kf2 Qf3+ 57.Kg1 Qxg3+ 58.Kh1 Qf3+ 59.Kh2 Qh3+ 60.Kg1 
Qe3+ 1/2-1/2

[Event "Deltalift Open 2014"]
[Site "Tylosand"]
[Date "2014.05.29"]
[Round "1.10"]
[White "Andersson, Thorbjorn"]
[Black "Welin, Mats"]
[Result "0-1"]
[WhiteElo "1961"]
[BlackElo "2398"]

1.e4 e5 2.Nf3 Nc6 3.Bc4 Bc5 4.O-O Nf6 5.c3 Nxe4 6.d4 d5 7.Bb5 exd4 8.Ne5 
O-O 9.Nxc6 bxc6 10.Bxc6 Rb8 11.cxd4 Bd6 12.Nc3 Bxh2+ 13.Kxh2 Qd6+ 14.Kg1 
Qxc6 15.Nxe4 dxe4 16.d5 Qg6 17.Bf4 Rxb2 18.Qd4 Rb5 19.a4 Rb3 20.Rfe1 Bf5 
21.Bxc7 h5 22.Re3 Rd3 23.Rxd3 exd3 24.d6 Be4 25.g3 Qf5 26.Re1 Bc6 27.Qh4 
d2 28.Rf1 Qf3 29.Qh2 d1=Q 0-1

[Event "Deltalift Open 2014"]
[Site "Tylosand"]
[Date "2014.05.29"]
[Round "1.11"]
[White "Frisk Kockum, Anton"]
[Black "Eriksson, Per"]
[Result "1-0"]
[WhiteElo "2388"]
[BlackElo "1936"]

1.d4 d5 2.Nf3 e6 3.c4 Nf6 4.Nc3 Be7 5.Bg5 dxc4 6.e3 O-O 7.Bxc4 b6 8.O-O 
Bb7 9.Qe2 c6 10.Rac1 Nd5 11.Bxe7 Qxe7 12.Ne5 Nd7 13.f4 Rac8 14.e4 Nxc3 15.
bxc3 c5 16.Nf3 Nf6 17.Bd3 Rfd8 18.f5 exf5 19.e5 Ne4 20.Qb2 c4 21.Bb1 g6 
22.Rce1 Ng5 23.Nxg5 Qxg5 24.Qf2 Bd5 25.Re3 Be6 26.Rg3 Qh5 27.Qe3 Qh4 28.
Bxf5 Rf8 29.Rh3 Qe7 30.Qh6 1-0

[Event "Deltalift Open 2014"]
[Site "Tylosand"]
[Date "2014.05.29"]
[Round "1.12"]
[White "Wihlborn, Bengt"]
[Black "Ziegler, Ari"]
[Result "0-1"]
[WhiteElo "1926"]
[BlackElo "2375"]

1.Nf3 Nf6 2.c4 g6 3.Nc3 Bg7 4.d4 d6 5.g3 O-O 6.Bg2 Nc6 7.d5 Na5 8.Nd2 c5 
9.O-O a6 10.Qc2 Rb8 11.b3 b5 12.Bb2 Bh6 13.f4 bxc4 14.bxc4 Ng4 15.Nd1 Rxb2
16.Qxb2 Bg7 17.Qc1 Bd4+ 18.Kh1 e5 19.Rb1 exf4 20.gxf4 Nxh2 21.e3 Nxf1 22.
Nxf1 Bg7 23.Nf2 Bf5 24.Be4 Qh4+ 25.Kg1 Re8 26.Qc2 Kh8 27.Rb6 h5 28.Bxf5 
gxf5 29.Qxf5 Rg8 30.Qh3 Bh6+ 0-1

[Event "Deltalift Open 2014"]
[Site "Tylosand"]
[Date "2014.05.29"]
[Round "1.13"]
[White "Kristensen, Kaare Hove"]
[Black "Degerfeldt, Sven"]
[Result "1-0"]
[WhiteElo "2350"]
[BlackElo "1925"]

1.e4 c5 2.Nf3 d6 3.d4 cxd4 4.Nxd4 Nf6 5.Nc3 a6 6.Bg5 e6 7.f4 Qc7 8.Qf3 Be7
9.O-O-O O-O 10.Bd3 Nbd7 11.Rhe1 Re8 12.Kb1 b5 13.Bxf6 gxf6 14.Qg4+ Kh8 15.
Qh5 Nc5 16.Qxf7 Rf8 17.Qh5 Bd7 18.e5 Nxd3 19.Rxd3 Rg8 20.exd6 Bxd6 21.Nxe6
Bxe6 22.Rxe6 Bxf4 23.Nd5 Qb8 24.Re7 Rg7 25.Rxg7 Kxg7 26.Nxf4 Qxf4 27.Rd7+ 
1-0

[Event "Deltalift Open 2014"]
[Site "Tylosand"]
[Date "2014.05.29"]
[Round "1.14"]
[White "Hogeman, Joel"]
[Black "Akesson, Joel"]
[Result "0-1"]
[WhiteElo "1925"]
[BlackElo "2341"]

1.d4 e6 2.c4 Nf6 3.Nc3 Bb4 4.Qc2 O-O 5.a3 Bxc3+ 6.Qxc3 b6 7.Bg5 c5 8.dxc5 
bxc5 9.e3 Nc6 10.Nf3 Ba6 11.b4 Bb7 12.Bd3 cxb4 13.axb4 a5 14.bxa5 Rxa5 15.
O-O Rxa1 16.Rxa1 h6 17.Bh4 Qe7 18.Nd4 Rc8 19.Qb2 Qb4 20.Qxb4 Nxb4 21.Be2 
Be4 22.Nb5 Ne8 23.Ra7 d5 24.f3 Bd3 25.Kf2 Bxc4 26.Nd4 Nd3+ 27.Bxd3 Bxd3 
28.Bg3 Nf6 29.Be5 Bg6 30.Kg3 Ne8 31.Kf2 f6 32.Bg3 e5 33.Ne2 Rc2 34.Ke1 Bd3
35.Ng1 Rxg2 36.Nh3 Rb2 37.Nf2 Bc4 38.Nd1 Re2+ 0-1

[Event "Deltalift Open 2014"]
[Site "Tylosand"]
[Date "2014.05.29"]
[Round "1.15"]
[White "Nilsson, Anders"]
[Black "Bragesjo, Tomas"]
[Result "1-0"]
[WhiteElo "2318"]
[BlackElo "1890"]

1.d4 Nf6 2.c4 e6 3.Nc3 Bb4 4.e3 O-O 5.Bd3 d5 6.cxd5 exd5 7.f3 c5 8.Ne2 Nc6
9.a3 cxd4 10.exd4 Bd6 11.Bg5 Be6 12.Bc2 h6 13.Bh4 Re8 14.Qd3 g6 15.Qd2 Bf8
16.O-O Bg7 17.Nf4 Qd7 18.Bf2 Bf5 19.Bb3 Rad8 20.Rfe1 Rxe1+ 21.Rxe1 g5 22.
Nd3 Na5 23.Ba4 Nc4 24.Bxd7 1-0

[Event "Deltalift Open 2014"]
[Site "Tylosand"]
[Date "2014.05.29"]
[Round "1.16"]
[White "Johansson, Johnny"]
[Black "Silseth, Simon"]
[Result "1/2-1/2"]
[WhiteElo "1890"]
[BlackElo "2317"]

1.e4 c5 2.Nf3 d6 3.Bc4 Nf6 4.d3 Nc6 5.c3 Bg4 6.Qb3 h6 7.Qxb7 Rc8 8.Bb5 Qc7
9.Qxc7 Rxc7 10.Nbd2 e6 11.O-O Be7 12.Ba4 O-O 13.Re1 Rb8 14.Bc2 Bh5 15.h3 
a6 16.g4 Bg6 17.Nf1 Nd7 18.Ne5 Ndxe5 19.Kg2 Nd7 20.f4 1/2-1/2

[Event "Harplinge Mini Open 2014"]
[Site "Tylosand"]
[Date "2014.05.29"]
[Round "1.17"]
[White "Murray, Liam"]
[Black "Tornberg, Carlos"]
[Result "0-1"]
[WhiteElo "1298"]
[BlackElo "1549"]

1.e4 e5 2.Nf3 Nf6 3.Nxe5 d6 4.Nf3 Nxe4 5.Qe2 Qe7 6.d3 Nf6 7.Qxe7+ Bxe7 8.
Nc3 O-O 9.Bg5 Bg4 10.Be2 Re8 11.O-O-O Nbd7 12.h3 Be6 13.Rhe1 Nd5 14.Nxd5 
Bxg5+ 15.Nxg5 Bxd5 16.Bg4 Nf6 17.Bf3 h6 18.Bxd5 Nxd5 19.Nf3 Nf4 20.g3 Nxh3
21.Rf1 c5 22.Rd2 b5 23.Rh1 Ng5 24.Nxg5 hxg5 25.f3 b4 26.d4 Rad8 27.b3 Rf8 
28.Rdh2 f6 29.Rd2 Kf7 30.g4 a5 31.Rhd1 c4 32.d5 cxb3 33.cxb3 Rc8+ 34.Kb2 
Rc3 35.Rf1 Re8 36.a3 Ree3 37.axb4 Rxb3+ 38.Ka1 axb4 39.f4 Ra3+ 40.Ra2 
Rxa2+ 41.Kxa2 Kg6 42.f5+ Kf7 43.Rb1 Re4 44.Rg1 Rd4 45.Kb3 Rxd5 46.Kxb4 Rc5
47.Re1 Re5 48.Rd1 Re4+ 49.Kb5 Rxg4 50.Rxd6 Rf4 51.Rd7+ Kg8 52.Rd8+ Kh7 53.
Rd5 g4 54.Kc6 g3 55.Kd6 g2 56.Rd3 g1=Q 57.Rh3+ Kg8 0-1

[Event "Harplinge Mini Open 2014"]
[Site "Tylosand"]
[Date "2014.05.29"]
[Round "1.18"]
[White "Forsberg, Fredrik"]
[Black "Jonsson, Oscar"]
[Result "1-0"]
[WhiteElo "1515"]
[BlackElo "1260"]

1.e4 Nc6 2.Nf3 e5 3.Bc4 h6 4.d4 exd4 5.Nxd4 Nxd4 6.Qxd4 Nf6 7.Nc3 c6 8.O-O
b6 9.Re1 Bc5 10.Qd1 O-O 11.e5 b5 12.Bxb5 cxb5 13.exf6 Qxf6 14.Ne4 Qf5 15.
Be3 Bxe3 16.Rxe3 Bb7 17.Nd6 Qd5 18.Qxd5 Bxd5 19.Nxb5 Rab8 20.Nc3 Bc6 21.b3
d5 22.Rd1 Rbd8 23.Red3 g6 24.Nxd5 Bxd5 25.Rxd5 Rxd5 26.Rxd5 Re8 27.f3 Re1+
28.Kf2 Rc1 29.c4 Rc2+ 30.Ke3 Rxa2 31.c5 Ra3 32.Rd3 Ra5 33.Rc3 Rb5 34.Kd4 
Kf8 35.c6 Rb8 36.Kd5 Ke7 37.c7 Rc8 38.Kc6 a5 39.Re3+ Kf6 40.Kd7 Ra8 41.
c8=Q Rxc8 42.Kxc8 Kg7 43.Kd7 f5 44.Ke7 h5 45.Re5 Kh6 46.Rxa5 Kg7 47.b4 Kh6
48.b5 Kg7 1-0

[Event "Deltalift Open 2014"]
[Site "Tylosand"]
[Date "2014.05.29"]
[Round "1.19"]
[White "Wiander, Mikael"]
[Black "Thomasson, Staffan"]
[Result "1-0"]
[WhiteElo "2312"]
[BlackElo "1887"]

1.e4 d5 2.d4 dxe4 3.Nc3 Nf6 4.f3 Bf5 5.fxe4 Nxe4 6.Qf3 Nd6 7.Bf4 e6 8.
O-O-O c6 9.g4 Bg6 10.Nge2 Be7 11.Ng3 Qa5 12.h4 h5 13.Be5 hxg4 14.Qxg4 Nd7 
15.h5 Bf5 16.Qf4 Nxe5 17.dxe5 Nb5 18.Bxb5 cxb5 19.Nxf5 exf5 20.Qxf5 b4 21.
Rhf1 O-O 22.Nd5 Rae8 23.Kb1 Qc5 24.Rg1 Rd8 25.h6 1-0

[Event "Deltalift Open 2014"]
[Site "Tylosand"]
[Date "2014.05.29"]
[Round "1.20"]
[White "Koski, Viljo"]
[Black "Rosberg, Simon"]
[Result "0-1"]
[WhiteElo "1882"]
[BlackElo "2307"]

1.Nf3 Nf6 2.g3 d5 3.Bg2 c6 4.O-O Bf5 5.d3 h6 6.Nbd2 Bh7 7.Re1 Nbd7 8.e4 
dxe4 9.dxe4 Nc5 10.e5 Nd5 11.a3 e6 12.b4 Nc3 0-1

[Event "Deltalift Open 2014"]
[Site "Tylosand"]
[Date "2014.05.29"]
[Round "2.1"]
[White "Brzezinski, Adam"]
[Black "Persson, Tiger Hillarp"]
[Result "0-1"]
[WhiteElo "2198"]
[BlackElo "2627"]

1.d4 Nf6 2.c4 g6 3.Nc3 Bg7 4.e4 d6 5.Nf3 O-O 6.Be2 Bg4 7.Be3 Nfd7 8.Rc1 c5
9.O-O Nc6 10.dxc5 dxc5 11.Ne1 Bxe2 12.Qxe2 Nd4 13.Bxd4 Bxd4 14.Nf3 e5 15.
Nd5 Re8 16.Qc2 Kg7 17.a3 Nf6 18.h3 Re6 19.Rfd1 Rc8 20.b4 b6 21.b5 Ne8 22.
a4 Nd6 23.Qd3 f5 24.Nxd4 exd4 25.exf5 Nxf5 26.Nf4 Re5 27.Re1 Qd6 28.Qd2 
Rce8 29.Nd3 Rxe1+ 30.Rxe1 Rxe1+ 31.Qxe1 Kf6 32.a5 Qe6 33.Qxe6+ Kxe6 34.
axb6 axb6 35.Kf1 Nd6 36.Nb2 d3 37.f4 Kf5 38.Nxd3 Nxc4 39.Ke2 Ke4 40.g3 Nd6
41.Ne5 Nxb5 42.Nd7 Nc3+ 43.Kd2 Nd5 0-1

[Event "Deltalift Open 2014"]
[Site "Tylosand"]
[Date "2014.05.29"]
[Round "2.2"]
[White "Hector, Jonny"]
[Black "Rosell, Tomas"]
[Result "1-0"]
[WhiteElo "2574"]
[BlackElo "2208"]

1.d4 f5 2.Nc3 Nf6 3.Bg5 e6 4.e4 fxe4 5.Nxe4 Be7 6.Bxf6 Bxf6 7.Nf3 b6 8.Bd3
Bb7 9.Qd2 Nc6 10.c3 Qe7 11.h4 O-O-O 12.O-O-O e5 13.d5 Nb8 14.Bc2 d6 15.
Nfg5 Bxg5 16.Nxg5 g6 17.Ne6 Rdg8 18.c4 Nd7 19.Rh3 Nf8 20.Ng5 h6 21.Ne4 g5 
22.hxg5 hxg5 23.Ra3 Kb8 24.Ba4 Nd7 25.Bxd7 Qxd7 26.Nf6 Qf5 27.Rf3 Qg6 28.
Nxg8 Qxg8 29.Rf5 Rh4 30.b3 g4 31.Qg5 Qh8 32.Qe7 Bc8 33.Rf7 Qh6+ 34.Kb2 1-0

[Event "Deltalift Open 2014"]
[Site "Tylosand"]
[Date "2014.05.29"]
[Round "2.3"]
[White "Tuomoainen, Felix"]
[Black "Berg, Emanuel"]
[Result "0-1"]
[WhiteElo "2162"]
[BlackElo "2573"]

1.d4 Nf6 2.c4 g6 3.Nc3 Bg7 4.e4 d6 5.f4 c5 6.d5 O-O 7.Nf3 e6 8.dxe6 Bxe6 
9.Bd3 Nc6 10.O-O Na5 11.Qe2 Re8 12.Be3 Ng4 13.Bd2 f5 14.h3 Nf6 15.Ng5 Nc6 
16.Qf3 Nd4 17.Qf2 fxe4 18.Ncxe4 Nxe4 19.Bxe4 Bxc4 0-1

[Event "Deltalift Open 2014"]
[Site "Tylosand"]
[Date "2014.05.29"]
[Round "2.5"]
[White "Mardell, Jonas"]
[Black "Cramling, Pia"]
[Result "0-1"]
[WhiteElo "2143"]
[BlackElo "2523"]

1.e4 c5 2.c3 d5 3.exd5 Qxd5 4.d4 Nc6 5.Nf3 Bf5 6.Nbd2 e6 7.Bc4 Qd7 8.O-O 
Nf6 9.Re1 Be7 10.Ne5 Nxe5 11.dxe5 Nd5 12.Ne4 O-O 13.a4 Rad8 14.Qf3 Nb6 15.
Bb5 Qd5 16.Bf4 c4 17.Nd6 Bxd6 18.exd6 a6 19.Be3 Na8 20.Qxd5 exd5 21.d7 
axb5 22.Bc5 Bxd7 23.Bxf8 Kxf8 24.axb5 Bxb5 25.Re5 Nc7 26.f4 Ne6 27.g3 Bc6 
28.Kf2 Nc5 0-1

[Event "Deltalift Open 2014"]
[Site "Tylosand"]
[Date "2014.05.29"]
[Round "2.6"]
[White "Sjodahl, Pontus"]
[Black "Rothman, Peter"]
[Result "1-0"]
[WhiteElo "2503"]
[BlackElo "2161"]

1.d4 d5 2.c4 c6 3.Nc3 Nf6 4.Nf3 e6 5.e3 Nbd7 6.b3 Bd6 7.Bb2 b6 8.Bd3 Bb7 
9.O-O O-O 10.Qe2 c5 11.cxd5 exd5 12.Rfd1 Qe7 13.Ba6 Bxa6 14.Qxa6 Rfd8 15.
Nb5 Bb8 16.Rac1 cxd4 17.Nbxd4 Nc5 18.Nc6 Qe8 19.Rxc5 bxc5 20.Nxd8 Qxd8 21.
Bxf6 gxf6 22.Qc6 1-0

[Event "Deltalift Open 2014"]
[Site "Tylosand"]
[Date "2014.05.29"]
[Round "2.7"]
[White "Reid, Gregor"]
[Black "Bellon, Juan"]
[Result "0-1"]
[WhiteElo "2135"]
[BlackElo "2462"]

1.e4 c5 2.Nc3 e6 3.f4 a6 4.Nf3 Nc6 5.d3 g6 6.g3 Bg7 7.Bg2 Nge7 8.O-O d5 9.
a3 O-O 10.Qe1 Nd4 11.Qf2 Bd7 12.g4 Nxf3+ 13.Qxf3 Bc6 14.Qh3 f5 15.gxf5 
exf5 16.e5 d4 17.Ne2 Bxg2 18.Qxg2 Qd5 19.c4 dxc3 20.Qxd5+ Nxd5 21.bxc3 
Rfd8 22.c4 Nc7 23.Be3 Ne6 24.Rfd1 g5 25.Rab1 b5 26.cxb5 axb5 27.Rxb5 Rxa3 
28.Bxc5 Ra2 29.Kf1 gxf4 30.d4 f3 31.Ng3 Rxh2 32.Bd6 f4 33.Nf5 Rh1+ 34.Kf2 
Rxd1 35.d5 Nd4 36.Ne7+ Kh8 37.Rb7 Rd2+ 38.Kf1 Ra8 39.Rb8+ Rxb8 40.Bxb8 Nc2
0-1

[Event "Deltalift Open 2014"]
[Site "Tylosand"]
[Date "2014.05.29"]
[Round "2.8"]
[White "Kantans, Toms"]
[Black "Wahlstrom, Lennart"]
[Result "1-0"]
[WhiteElo "2440"]
[BlackElo "2133"]

1.e4 e5 2.Nf3 Nc6 3.Nc3 Nf6 4.a3 d5 5.Bb5 Nxe4 6.Nxe5 Qf6 7.Nf3 Nxc3 8.
dxc3 a6 9.Bxc6+ bxc6 10.O-O Bg4 11.Re1+ Be7 12.Qe2 Bxf3 13.gxf3 Rd8 14.
Qxa6 O-O 15.Qd3 Bd6 16.a4 Rfe8 17.Bd2 Qh4 18.f4 Bxf4 19.Bxf4 Qxf4 20.a5 
Qg5+ 21.Qg3 Qd2 22.Rxe8+ Rxe8 23.a6 Re1+ 24.Rxe1 Qxe1+ 25.Kg2 Qe4+ 26.Kf1 
Qh1+ 27.Ke2 Qe4+ 28.Kd2 d4 29.a7 dxc3+ 30.bxc3 Qd5+ 31.Kc1 Qa5 32.Qxc7 
Qg5+ 33.f4 1-0

[Event "Deltalift Open 2014"]
[Site "Tylosand"]
[Date "2014.05.29"]
[Round "2.9"]
[White "Welin, Mats"]
[Black "Karlsson, Jorgen"]
[Result "1-0"]
[WhiteElo "2398"]
[BlackElo "2131"]

1.e4 g6 2.d4 Bg7 3.Nc3 a6 4.Be3 d6 5.f4 Nd7 6.Nf3 Ngf6 7.e5 Ng4 8.Bd2 c5 
9.e6 cxd4 10.exf7+ Kf8 11.Nxd4 Nc5 12.Be2 e5 13.Nb3 h5 14.Nxc5 dxc5 15.Bf3
Be6 16.Qe2 Kxf7 17.O-O-O Re8 18.h3 Nh6 19.Bxh5 Qh4 20.f5 Nxf5 21.Bg4 Kg8 
22.Ne4 Nd4 23.Bxe6+ Rxe6 24.Qg4 Qxg4 25.hxg4 Rc8 26.c3 Nb5 27.Be3 b6 28.
Rd7 Rc7 29.Rd8+ Kf7 30.Ng5+ Ke7 31.Nxe6 Kxe6 32.Rb8 Rc6 33.Rh7 Bf6 34.Rhb7
Nd6 35.Rxb6 1-0

[Event "Deltalift Open 2014"]
[Site "Tylosand"]
[Date "2014.05.29"]
[Round "2.10"]
[White "Carlstrom, Niklas"]
[Black "Frisk Kockum, Anton"]
[Result "0-1"]
[WhiteElo "2102"]
[BlackElo "2388"]

1.e4 c5 2.Nf3 Nc6 3.Bb5 g6 4.O-O Bg7 5.Re1 Nf6 6.Nc3 O-O 7.d3 d6 8.h3 Bd7 
9.a4 Nd4 10.Bc4 Bc6 11.Nd5 Bxd5 12.exd5 a6 13.Nxd4 cxd4 14.Bg5 h6 15.Bd2 
Qd7 16.a5 Rac8 17.Qf3 Rc7 18.Re2 Rb8 19.Rae1 Qd8 20.Qg3 Nh5 21.Qf3 Qf8 22.
g4 Nf6 23.Qg3 Re8 24.Bb4 Rec8 25.b3 Kh7 26.f4 Ng8 27.h4 Nf6 28.g5 Nh5 29.
Qf3 f6 30.f5 fxg5 31.fxg6+ Kxg6 32.Re6+ Bf6 33.Bd2 Qf7 34.Rf1 Rg8 35.hxg5 
hxg5 36.Kg2 Kg7 37.Rh1 Nf4+ 38.Bxf4 gxf4 39.Qxf4 Qg6+ 40.Kf3 Kf7 41.Re2 
Ke8 42.Rh6 Qg1 43.Qf5 0-1

[Event "Deltalift Open 2014"]
[Site "Tylosand"]
[Date "2014.05.29"]
[Round "2.11"]
[White "Ziegler, Ari"]
[Black "Osterstrom, Tom"]
[Result "1-0"]
[WhiteElo "2375"]
[BlackElo "2128"]

1.d4 f5 2.Bg5 g6 3.h4 Bg7 4.e3 c5 5.c3 Qb6 6.Nd2 d5 7.Bd3 c4 8.Bc2 Qxb2 9.
Ne2 Nc6 10.O-O h6 11.Bf4 Qa3 12.f3 e6 13.e4 Nf6 14.exf5 gxf5 15.g4 Rg8 16.
Kh1 fxg4 17.Bg6+ Kd8 18.fxg4 Nxg4 19.Rf3 Qe7 20.Bg3 Bf6 21.h5 Rf8 22.Rb1 
Bg5 23.Qf1 Rxf3 24.Qxf3 Bxd2 25.Qxg4 e5 26.Bf5 Bxf5 27.Qxf5 exd4 28.Qxd5+ 
Qd7 29.Qg8+ Qe8 30.Qd5+ Qd7 31.Qg8+ Qe8 32.Qxc4 Qxh5+ 33.Kg2 dxc3 34.Rd1 
Ke8 35.Nxc3 Bxc3 36.Qg8+ Ke7 37.Qh7+ Qf7 1-0

[Event "Deltalift Open 2014"]
[Site "Tylosand"]
[Date "2014.05.29"]
[Round "2.12"]
[White "Persson, Anders"]
[Black "Kristensen, Kaare Hove"]
[Result "0-1"]
[WhiteElo "2057"]
[BlackElo "2350"]

1.d4 d5 2.c4 e6 3.Nc3 c6 4.cxd5 exd5 5.Qc2 g6 6.Bf4 Bf5 7.Qb3 Qb6 8.Qxb6 
axb6 9.e3 Nf6 10.Rc1 b5 11.Nxb5 cxb5 12.Bxb5+ Nbd7 13.a3 Be7 14.Rc7 O-O 
15.Be5 Rfc8 16.Bxf6 Rxc7 17.Bxe7 Rc1+ 18.Ke2 Rac8 19.Kf3 Rb1 20.Bxd7 Bxd7 
21.Bc5 b6 22.Bxb6 Rcc1 0-1

[Event "Deltalift Open 2014"]
[Site "Tylosand"]
[Date "2014.05.29"]
[Round "2.13"]
[White "Akesson, Joel"]
[Black "Grimsholm, Ola"]
[Result "1-0"]
[WhiteElo "2341"]
[BlackElo "2098"]

1.c4 Nf6 2.Nf3 e6 3.g3 d5 4.Bg2 Be7 5.O-O O-O 6.b3 c5 7.e3 Nc6 8.Bb2 Qc7 
9.Nc3 a6 10.Rc1 Rb8 11.cxd5 exd5 12.d4 cxd4 13.Nxd4 Qd6 14.Nxc6 bxc6 15.
Na4 Bg4 16.Qd4 Rb4 17.Qe5 Qxe5 18.Bxe5 Rc8 19.Bd4 Rb5 20.Bc5 Bxc5 21.Nxc5 
a5 22.Rc3 Nd7 23.Rfc1 Ne5 24.h3 Bf3 25.Bxf3 Nxf3+ 26.Kg2 Ne5 27.Na4 Rb4 
28.f4 Nc4 29.bxc4 Rxa4 30.cxd5 Rxa2+ 31.Kf3 Kf8 32.Rxc6 Rd8 33.Rc8 Rxc8 
34.Rxc8+ Ke7 35.Rc7+ Ke8 36.d6 a4 37.Re7+ Kf8 38.Ra7 Ke8 39.Ke4 Ra3 40.g4 
g6 41.f5 Ra1 42.Re7+ Kd8 43.Rxf7 gxf5+ 44.gxf5 a3 45.Ra7 Rd1 46.Rxa3 Rxd6 
47.Rd3 1-0

[Event "Deltalift Open 2014"]
[Site "Tylosand"]
[Date "2014.05.29"]
[Round "2.14"]
[White "Wallgren, Ulf"]
[Black "Nilsson, Anders"]
[Result "0-1"]
[WhiteElo "2084"]
[BlackElo "2318"]

1.e4 c6 2.d4 g6 3.Nf3 d5 4.exd5 cxd5 5.Bb5+ Bd7 6.Bxd7+ Qxd7 7.O-O Nc6 8.
c3 Bg7 9.Nbd2 Nh6 10.Nb3 b6 11.Qd3 O-O 12.a4 Nf5 13.Rd1 e6 14.a5 Nd6 15.
axb6 axb6 16.Bf4 Nc4 17.Qe2 Qb7 18.Ne5 N6xe5 19.dxe5 Rxa1 20.Nxa1 Qc7 21.
Nb3 Ra8 22.Nd4 Bxe5 23.Nb5 Qb8 24.Bxe5 Qxe5 25.Qxe5 Nxe5 26.Na3 Kf8 27.f4 
Nc6 28.Kf2 Ra4 29.g3 Ke7 30.Ke3 h5 31.Nb5 Ra2 32.Rd2 Na5 33.Na3 Rxa3 34.
bxa3 Nc4+ 35.Kd3 Nxd2 36.Kxd2 Kd6 37.Kd3 Kc5 0-1